00695nam a2200181Ia 4500001000900000003000500009008004100014010001100055040000900066100002900075245015700104260003500261300001000296502008900306650004000395650002800435710005000463Para_779CHAP220125s1992 xx 000 0 und d a199486 cCHAP aRamírez Arias, Gonzalo aControl quimico de Mildiu de melón (Pseudoperonospora cubensis Berk y Curt Rostow.) en el Alpuyeque, Colima, México /c por Gonzalo Ramírez Arias aChapingo, Méx. :b El autor a51 h. aTesis (Ing. Agr. Esp. en Parasitología Agrícola) -- UACh. Depto. Parasitología aMelón x enfermedades por hongos  aPseudoperonospora cuben aUACh. Departamento Parasitología Agrícola